Tonal Harmoney With an introduction to post- Tonal Music
Guardat en:
| Autor principal: | |
|---|---|
| Format: | Llibre |
| Idioma: | anglès |
| Publicat: |
Mc Graw Hill Education
2018
|
| Etiquetes: |
Afegir etiqueta
Sense etiquetes, Sigues el primer a etiquetar aquest registre!
|
MARC
| LEADER | 00000nam a22000007a 4500 | ||
|---|---|---|---|
| 008 | 210827b ||||| |||| 00| 0 eng d | ||
| 020 | |a 9781259253560 | ||
| 100 | |a KOSTKA, Stefan |a Dorothy payne |a Byron Almen. | ||
| 245 | |a Tonal Harmoney |b With an introduction to post- Tonal Music |c Stefan Kostka,Dorothy Payne {and} Byron Aimen |g xxi,681p.ill. | ||
| 250 | |b 8th edition | ||
| 260 | |b Mc Graw Hill Education |c 2018 |d Book |h New York |i 696048 |i 696049 |l MT 50.K85 |m Harmony | ||
| 500 | |a "It includes subject index and glossary" | ||
| 942 | |a lcc |c BK |e Olagoke, M.A. |f 28/08/2021 | ||
| 952 | |0 0 |1 0 |2 lcc |4 0 |7 0 |9 3250 |a HOL |b ED |c LP |d 2021-08-27 |o MT50.K85 |p 2021-66949 |r 2021-08-27 00:00:00 |t 696048 |w 2021-08-27 |y BK | ||
| 952 | |0 0 |1 0 |2 lcc |4 0 |7 0 |9 3251 |a HOL |b HOL |c LP |d 2021-08-27 |o MT50.K85 |p 2021-66950 |r 2021-08-27 00:00:00 |t 696049 |w 2021-08-27 |y BK | ||
| 999 | |c 1627 |d 1627 | ||